000 00491nam a2200157 4500
001 120286
003 ES-MaACL
005 20230906191517.0
007 t|
008 070214s1971 sp r ||||1| spa d
245 0 0 _aPoesía anónima africana /
_cSelección, traducción, y prólogo de Rogelio Martínez Fivee.
260 _aMadrid :
_bMiguel Castellote,
_c1971.
300 _aXVII, 227 p. ;
_c17 cm.
700 1 _aMartínez Fivee, Rogelio.
_978088
852 _aES-MaACL
_jC-40482
_bR.77707
999 _c120286
_d120286